| 000 | 00469nam a2200193Ia 4500 | ||
|---|---|---|---|
| 999 |
_c64085 _d64085 |
||
| 003 | 0100 | ||
| 005 | 20170512142249.0 | ||
| 008 | 130303s9999 xx 000 0 und d | ||
| 040 | _cARRUPELIB | ||
| 050 | _aDT433.576.K46A834 1992 | ||
| 100 |
_aAseka, Eric M. _930827 |
||
| 245 | _aMzee Jomo Kenyatta | ||
| 260 |
_bEast African Educational Publishers _aNairobi _c1992 |
||
| 300 | _a67p. | ||
| 300 | _b 21cm. | ||
| 440 |
_aMakers of Kenya's history No. 1 _930828 |
||
| 600 |
_aKenyatta, Jomo _913104 |
||
| 942 |
_2lcc _cMONOGRAPH |
||